Statistics for Countries By Highest Population of Capital City

Click here to take the quiz!

General Stats

  • This quiz has been taken 24 times
  • The average score is 9 of 10

Answer Stats

Population% of CountryCountry% Correct
21 542 0001.2China
100%
9 849 00010Egypt
95%
8 908 00013.3United Kingdom
95%
10 075 0003.8Indonesia
89%
13 929 00011Japan
89%
8 919 0007.1Mexico
89%
12 506 0008.6Russia
84%
8 906 0005.5Bangladesh
79%
12 691 00015.1Democratic Republic of the Congo
79%
9 839 00019.2South Korea
79%

Score Distribution

Percentile by Number Answered

Percent of People with Each Score

Your Score History

You have not taken this quiz